Australian Street Abbreviations - Statistics

General Stats
  • This quiz has been taken 125 times
  • The average score is 10 of 12
Answer Stats
Street Type Abbreviation % Correct
Drive DR
100%
Road RD
100%
Street ST
100%
Avenue AVE
98%
Lane LN or LA
96%
Court CRT
94%
Highway HWY
85%
Freeway FWY
84%
Circuit CCT or CIR
79%
Circle CIR
70%
Boulevard BLVD
67%
Terrace TCE
65%
No matching quizzes found
Score Distribution
Percent of People with Each Score
Percentile by Number Answered
Your Score History
You have not taken this quiz